Les plus gros transferts du football - Ailiers - Statistiques

Statistiques générales
  • Ce quiz a été pris 219 fois
  • Le résultat moyen est 9 sur 10
Statistiques - réponses
Montant de transfert (M €) Saison Nationalité Venant de Allant à Joueur % Correct
222,00 2017-2018 Brésil Barcelone Paris SG Neymar
100%
90,00 2023-2024 Brésil Paris SG Al-Hilal Neymar
100%
89,00 2013-2014 Brésil Santos Barcelone Neymar
100%
135,00 2017-2018 France Borussia Dortmund Barcelone Ousmane Dembélé
97%
101,00 2013-2014 Pays de Galles Tottenham Real Madrid Gareth Bale
96%
115,00 2019-2020 Belgique Chelsea Real Madrid Eden Hazard
94%
117,50 2021-2022 Angleterre Aston Villa Manchester City Jack Grealish
92%
127,20 2019-2020 Portugal Benfica Atlético Madrid João Félix
92%
95,00 2022-2023 Brésil Ajax Manchester United Antony
89%
85,00 2021-2022 Angleterre Borussia Dortmund Manchester United Jadon Sancho
89%
Aucun quiz correspondant
Distribution des résultats
% des personnes avec chaque résultat
Percentile par nombre de réponses
Votre historique - résultats
Vous n’avez pas pris ce quiz